साम्प्रत मैं चिरन्तन / (Record no. 119490)
[ view plain ]
| 000 -LEADER | |
|---|---|
| fixed length control field | 01228nam a22002657a 4500 |
| 005 - DATE AND TIME OF LATEST TRANSACTION | |
| control field | 20170124103138.0 |
| 010 ## - LIBRARY OF CONGRESS CONTROL NUMBER | |
| LC control number | B-142122 |
| 020 ## - INTERNATIONAL STANDARD BOOK NUMBER | |
| Terms of availability | 200.00 |
| International Standard Book Number | 8126310243 |
| 035 ## - SYSTEM CONTROL NUMBER | |
| System control number | B-142122 |
| 037 ## - SOURCE OF ACQUISITION | |
| Source of stock number/acquisition | Cen Lib/Ret |
| 040 ## - CATALOGING SOURCE | |
| Original cataloging agency | DPL |
| Language of cataloging | HN |
| 082 ## - DEWEY DECIMAL CLASSIFICATION NUMBER | |
| Classification number | 821 |
| Item number | शाहरा |
| 100 ## - MAIN ENTRY--PERSONAL NAME | |
| Personal name | शाह, राजेंद्र |
| 9 (RLIN) | 85212 |
| 245 ## - TITLE STATEMENT | |
| Title | साम्प्रत मैं चिरन्तन / |
| Statement of responsibility, etc | राजेंद्र शाह ; संपादक रघुवीर चौधरी |
| 246 ## - VARYING FORM OF TITLE | |
| Title proper/short title | Samprat main chirantan / |
| Remainder of title | by Rajendra Shah ; sapadak Raghuveer Chaudhry |
| 260 ## - PUBLICATION, DISTRIBUTION, ETC. (IMPRINT) | |
| Place of publication, distribution, etc | नयी दिल्ली |
| Name of publisher, distributor, etc | भारतीय ज्ञानपीठ |
| Date of publication, distribution, etc | 2004 |
| 270 ## - ADDRESS | |
| City | नयी दिल्ली |
| Address | 18, इन्सटीतुशंल एरिया, लोदी रोड |
| Postal code | 110003 |
| 300 ## - PHYSICAL DESCRIPTION | |
| Extent | xii,264पृ. |
| Dimensions | 20सेमी(सजिल्द ) |
| 650 ## - SUBJECT ADDED ENTRY--TOPICAL TERM | |
| Topical term or geographic name as entry element | साहित्य--कवितायेँ |
| General subdivision | |
| Geographic subdivision | |
| 9 (RLIN) | 85213 |
| 650 ## - SUBJECT ADDED ENTRY--TOPICAL TERM | |
| Topical term or geographic name as entry element | हिंदी--कवितायेँ |
| 9 (RLIN) | 2082 |
| 650 ## - SUBJECT ADDED ENTRY--TOPICAL TERM | |
| Topical term or geographic name as entry element | Literature--Poetry |
| 9 (RLIN) | 85214 |
| 650 ## - SUBJECT ADDED ENTRY--TOPICAL TERM | |
| Topical term or geographic name as entry element | Hindi--Poetry |
| 9 (RLIN) | 85215 |
| 700 ## - ADDED ENTRY--PERSONAL NAME | |
| Personal name | चौधरी, रघुवीर |
| 9 (RLIN) | 85216 |
| 942 ## - ADDED ENTRY ELEMENTS (KOHA) | |
| Source of classification or shelving scheme | Dewey Decimal Classification |
| Koha item type | Hindi Books |
| Classification part | 821 |
| Call number suffix | शाहरा |
| Withdrawn status | Lost status | Damaged status | Not for loan | Home library | Current library | Date acquired | Source of acquisition | Cost, normal purchase price | Total Checkouts | Full call number | Barcode | Date last seen | Copy number | Cost, replacement price | Price effective from | Koha item type |
|---|---|---|---|---|---|---|---|---|---|---|---|---|---|---|---|---|
| Central Library | Central Library | 17/09/2015 | Cen Lib/Ref | 200.00 | 821 शाहरा | B-142122 | 17/09/2015 | 1 | 200.00 | 17/09/2015 | Hindi Books |
